Music Quiz

Random Music or Song Quiz

20 Music Videos from the 2000s Quiz Stats

Quiz Updated Feb 22, 2015

Challenge
Share
Tweet
Score 0/20 Timer 06:00
7 Plays Today
% Correct
Single Ladies (Put A Ring On It) (Beyoncé)
85.6%
Hey Ya! (OutKast)
81.5%
Toxic (Britney Spears)
76.1%
Poker Face (Lady Gaga)
75.6%
Umbrella (Rihanna feat. Jay-Z)
67.7%
In Da Club (50 Cent)
61.1%
Crazy (Gnarls Barkley)
60.8%
The Real Slim Shady (Eminem)
52.3%
Cry Me a River (Justin Timberlake)
48.3%
Clint Eastwood (Gorillaz)
44.1%
% Correct
99 Problems (Jay-Z)
41.5%
I Believe in a Thing Called Love (The Darkness)
37.9%
Hurt (Johnny Cash)
34.7%
The Scientist (Coldplay)
29.7%
Drop It Like It's Hot (Snoop Dogg & Pharrell Williams)
29.4%
Get Ur Freak On (Missy Elliott)
27.8%
Here It Goes Again (OK Go)
26%
Trapped in the Closet (R. Kelly)
20.6%
Fell in Love With a Girl (The White Stripes)
17%
Weapon of Choice (Fatboy Slim)
16.8%

You're not logged in!

Compare scores with friends on all Sporcle quizzes.
Sign Up with Email
OR
Log In

You Might Also Like...

Show Comments

Extras

Top Quizzes Today


Score Distribution

Your Account Isn't Verified!

In order to create a playlist on Sporcle, you need to verify the email address you used during registration. Go to your Sporcle Settings to finish the process.